18th-century German porcelain (Record no. 2574)

MARC details
000 -CABECERA
campo de control de longitud fija 00687nam a2200217 a 4500
001 - NÚMERO DE CONTROL
campo de control BRCA_2835
005 - FECHA Y HORA DE LA ÚLTIMA TRANSACCIÓN
campo de control 20190320204006.0
008 - DATOS DE LONGITUD FIJA--INFORMACIÓN GENERAL
campo de control de longitud fija 091208s1958----enka---###---#000-0#eng-u
050 #4 - SIGNATURA TOPOGRÁFICA DE LA BIBLIOTECA DEL CONGRESO
Número de clasificación NK4499
Número de documento/Ítem .S38 1958
100 1# - ENTRADA PRINCIPAL--NOMBRE DE PERSONA
Nombre de persona Savage, Leonard George Gimson
9 (RLIN) 2719
245 10 - MENCIÓN DE TÍTULO
Título 18th-century German porcelain
Mención de responsabilidad, etc. George Savage ; foreword by H. Weimberg.
260 ## - PUBLICACIÓN, DISTRIBUCIÓN, ETC.
Lugar de publicación, distribución, etc. London
Nombre del editor, distribuidor, etc. Rockliff
Fecha de publicación, distribución, etc. 1958
300 ## - DESCRIPCIÓN FÍSICA
Extensión 242 p.
Otras características físicas il.
Dimensiones 23 cm.
500 ## - NOTA GENERAL
Nota general Incluye índice de ilustraciones, índice temático y apéndice.
500 ## - NOTA GENERAL
Nota general AA120
504 ## - NOTA DE BIBLIOGRAFÍA, ETC.
Nota de bibliografía, etc. Incluye referencias bibliográficas.
650 14 - PUNTO DE ACCESO ADICIONAL DE MATERIA--TÉRMINO DE MATERIA
Término de materia o nombre geográfico como elemento de entrada Porcelana alemana
9 (RLIN) 7938
650 14 - PUNTO DE ACCESO ADICIONAL DE MATERIA--TÉRMINO DE MATERIA
Término de materia o nombre geográfico como elemento de entrada Porcelana
Subdivisión general Historia
9 (RLIN) 1464
902 ## - CATALOGADOR
Iniciales GFM
942 ## - ELEMENTOS DE PUNTO DE ACCESO ADICIONAL (KOHA)
Fuente del sistema de clasificación o colocación Library of Congress Classification
Tipo de ítem Koha Libros
Holdings
Estado de retiro Estado de pérdida Estado dañado No para préstamo Localización permanente Ubicación/localización actual Fecha de adquisición Número de inventario Total de préstamos Signatura topográfica completa Código de barras Fecha visto por última vez Precio válido a partir de Tipo de ítem Koha
El ejemplar forma parte de la colección y puede ser consultado según las políticas vigentes.       Biblioteca del Museo Franz Mayer (Rogerio Casas-Alatriste) Biblioteca del Museo Franz Mayer (Rogerio Casas-Alatriste) 09/12/2008 AA120   NK4499 .S38 1958 (AA120) 2832 22/03/2019 22/03/2019 Libros